| 000 | 00925nam a2200277 a 4500 | ||
|---|---|---|---|
| 001 | BRCA_5262 | ||
| 005 | 20190320205016.0 | ||
| 008 | 301110s1975----u--#######---#000-0#----# | ||
| 020 | _a0672518945 | ||
| 041 | _aeng | ||
| 044 | _au | ||
| 050 | 4 |
_aNK2529 _b.S65 1975 |
|
| 100 | 1 |
_aSmith, Nancy A. _913475 |
|
| 245 | 1 | 0 |
_aOld Furniture _bUnderstanding the Craftsman’s Art _cby Nancy A. Smith ; drawings by Glenna Lang ; photographs by Richard Cheek. |
| 260 |
_aEstados Unidos _bBobbs-Merrill _cc1975 |
||
| 300 |
_a191 p. _bil. _c26 cm. |
||
| 500 | _aIncluye glosario e índice alfabético | ||
| 500 | _aDonación Dr. Héctor Rivero Borrell Vázquez | ||
| 504 | _aBibliografía: p. 185 | ||
| 650 | 1 | 4 |
_aMobiliario antiguo _vHistoria _zEstados Unidos _913476 |
| 650 | 1 | 4 |
_aMuebles _vHistoria _zEstados Unidos _913477 |
| 700 | 1 |
_aLang, Glenna _913478 |
|
| 700 | 1 |
_aCheek, Richard _913479 |
|
| 902 | _aDHR | ||
| 942 |
_2lcc _cB |
||
| 999 |
_c4956 _d4956 |
||